Detalles MARC
| 000 -LIDER |
| fixed length control field |
01521nam a2200361 a 4500 |
| 001 - NÚMERO DE CONTROL |
| Identificador de número de control |
000007250 |
| 003 - IDENTIFICACDOR DE NÚMERO DE CONTROL |
| control field |
DO-SdBNP |
| 005 - DATE AND TIME OF LATEST TRANSACTION |
| control field |
20170925103727.0 |
| 007 - CAMPOS FIJOS DE DESCRIPCIÓN FÍSICA |
| fixed length control field |
000007250 |
| 008 - ELEMENTOS DE LONGITUD FIJA |
| fixed length control field |
090907s1992 dr 001 0 spa d |
| 040 ## - FUENTE DE CATALOGACIÓN |
| Agencia que crea de manera original el registro |
BPMSU |
| Idioma de catalogación |
spa |
| Agencia que realiza la transcripción |
BPMSU |
| 082 #4 - NÚMERO DE CLASIFICACIÓN DECIMAL DE DEWEY |
| Classification number |
306.461 |
| Item number |
B674e |
| 100 1# - ASIENTO PRINCIPAL -- NOMBRE PERSONAL |
| Nombre personal |
Bogaert García, Humberto |
| Fechas asociadas con el nombre |
1953- |
| 245 10 - MENCIÓN DE TITULO |
| Título |
Enfermedad mental, psicoterapia y cultura / |
| Mención de responsabilidad |
Humberto Bogaert García. |
| 260 ## - PUBLICACIÓN, DISTRIBUCIÓN, ETC. (PIE DE IMPRENTA) |
| Lugar de publicación, distribución, etc |
Santo Domingo : |
| Nombre del editor, distribuidor, etc. |
Instituto Tecnólogico de Santo Domingo, |
| Fecha de publicación, distribución, etc |
1992. |
| 300 ## - DESCRIPCIÓN FÍSICA |
| Extensión |
239 p. ; |
| Dimensiones |
23 cm. |
| 500 ## - NOTA GENERAL |
| Nota general |
Incluye datos bibligráficos del autor en la contrasolapa. |
| 504 ## - NOTA DE BIBLIOGRAFÍA, ETC. |
| Bibliography, etc |
Incluye bibliografía y notas al pie de páginas. |
| 504 ## - NOTA DE BIBLIOGRAFÍA, ETC. |
| Bibliography, etc |
Bibliografía: p.227-239. |
| 505 0# - NOTA DE CONTENIDO |
| Información miscelánea |
Prefacio -- |
| Título |
I.- Psicoanálisis : |
| -- |
Psicoanálisis y hermenéutica -- |
| -- |
La Paranoia. Un enfoque psicoanalítico -- |
| -- |
II.- Etnopsicología: |
| -- |
La posesión en la República Dominicana. Una investigación etnopsicológica -- |
| Información miscelánea |
Apéndice -- |
| -- |
Bibliografía. |
| 650 #4 - ENCABEZAMIENTO DE MATERIA--TEMÁTICO |
| Término temático o nombre geográfico como elemento de entrada |
PSICOANÁLISIS Y CULTURA |
| 650 #4 - ENCABEZAMIENTO DE MATERIA--TEMÁTICO |
| Término temático o nombre geográfico como elemento de entrada |
ETNOPSICOLOGÍA |
| 650 #4 - ENCABEZAMIENTO DE MATERIA--TEMÁTICO |
| Término temático o nombre geográfico como elemento de entrada |
PSICOTERAPIA |
| Subdivisión temática general |
CASOS CLÍNICOS |
| 910 ## - VALIDACIÓN |
| Validación |
Validado. Control de calidad EMS |
| 930 #1 - EQUIVALENCE OR CROSS-REFERENCE-UNIFORM TITLE HEADING [LOCAL, CANADA] |
| Language of a work |
BND01 |
| Medium of performance for music |
LF1 |
| Medium |
306.461 |
| Field link and sequence number |
20090907 |
| Date of a work |
04 |
| Name of part/section of a work |
HD |
| Miscellaneous information |
3181 |
| 930 #1 - EQUIVALENCE OR CROSS-REFERENCE-UNIFORM TITLE HEADING [LOCAL, CANADA] |
| Language of a work |
BND01 |
| Medium of performance for music |
LF1 |
| Medium |
306.461 |
| Field link and sequence number |
20130314 |
| Date of a work |
04 |
| Name of part/section of a work |
HD |
| Miscellaneous information |
3181 |
| Medium |
e. 2 |
| 942 ## - ADDED ENTRY ELEMENTS (KOHA) |
| Source of classification or shelving scheme |
Dewey Decimal Classification |
| Koha item type |
Libros |
| 945 ## - INFORMACIÓN DE PROCESAMIENTO LOCAL |
| Información de procesamiento local |
Inventariado, 2017/MFF |
| 956 ## - LOCAL ELECTRONIC LOCATION AND ACCESS (OCLC) |
| Nombre de host |
AVARGAS |
| Número de acceso |
10 |
| Información de compresión |
20090907 |
| Inicio de sesión |
BND01 |
| Procesador de solicitud |
1250 |
| 956 ## - LOCAL ELECTRONIC LOCATION AND ACCESS (OCLC) |
| Nombre de host |
VMATEO |
| Número de acceso |
10 |
| Información de compresión |
20090908 |
| Inicio de sesión |
BND01 |
| Procesador de solicitud |
1011 |
| 956 ## - LOCAL ELECTRONIC LOCATION AND ACCESS (OCLC) |
| Nombre de host |
EMARRERO |
| Número de acceso |
40 |
| Información de compresión |
20140512 |
| Inicio de sesión |
BND01 |
| Procesador de solicitud |
2316 |
| 956 ## - LOCAL ELECTRONIC LOCATION AND ACCESS (OCLC) |
| Nombre de host |
VMATEO |
| Número de acceso |
10 |
| Información de compresión |
201508 |
| Inicio de sesión |
BPMSU |
| Procesador de solicitud |
00151 |